Zlikwidowane linie autobusowe w Poznaniu - Statystyki

Ogólne statystyki
  • Ten quiz został rozwiązany 24 razy
  • Średni wynik to 5 z 8
Statystyki odpowiedzi
Obrazkowy Odpowiedź % Poprawnych
144
74%
147
63%
161
63%
187
63%
150
58%
151
58%
192
58%
165
42%
Nie znaleziono quizów pasujących do podanych kryteriów
Rozkład punktacji
Procent ludzi z każdym wynikiem
Percentyl według liczby udzielonych odpowiedzi
Twoja historia wyników
Nie rozwiązałeś tego quizu